World Seniors Darts Championship 2024 - Statistiken

Allgemein
  • Dieses Quiz wurde 37 mal gespielt
  • Das Durchschnittsergebnis liegt bei 8 aus 32
Antwortstatistiken
Nationalität Spieler % Korrekt
England Phil Taylor
94%
Kanada John Part
60%
Schottland Robert Thornton
60%
Schottland John Henderson
40%
Deutschland Manfred Bilderl
37%
USA Leonard Gates
34%
England Martin Adams
34%
England Kevin Painter
29%
England Trina Gulliver
29%
England Lisa Ashton
26%
Wales Richie Burnett
26%
England Deta Hedman
23%
Nordirland Colin McGarry
20%
Kanada David Cameron
20%
England Terry Jenkins
20%
England Glen Durrant
17%
England Keith Deller
17%
England Richie Howson
17%
England Andy Hamilton
14%
England Darryl Fitton
14%
Kanada Jim Long
14%
Schottland Jim McEwan
14%
England Mark Dudbridge
14%
Nordirland Neil Duff
14%
England Chris Mason
11%
England Tony O’Shea
11%
England Martyn Turner
9%
England Matt Clark
9%
Wales Mike Huntley
9%
England Paul Hogan
9%
Wales Richard-Eirig Rowlands
9%
England Scott Mitchell
9%
Keine übereinstimmenden Quizze gefunden
Verteilung der Resultate
Anzahl Personen mit jedem Resultat
Perzentil nach korrekt beantworteten Fragen
Ihre Resultats-Entwicklung
Sie haben dieses Quiz noch nicht gespielt